000 00572nam a22001817a 4500
010 _aENG-120885
020 _c550.00
_a9781889657158
035 _aEN-104417
037 _bDBAD/PUB
082 _a155.332
100 _aBarry,Kathleen
245 _aUnmaking war :
_bremaking men /
_cby Kathleen Barry
260 _aNew Delhi
_bWomen Unlimited (an associate of kali for women)
_c2012
270 _a7/10 First Floor, Sarvapriya Vihar
_bNew Delhi
_e110016
300 _ax,235p.
_c22cm(Hb)
500 _aIncludes index
942 _2ddc
_cEN
_h155.332
_mBAR
999 _c146736
_d146736